000 00482nam a2200181Ia 4500
008 230718s9999 xx 000 0 und d
020 _a9788126508327
041 _aeng
082 _a620.1
_bMER
100 _aMeriam J.L.
245 _aEngineering Mechanics Vol.I Statics
250 _a5th ed.
260 _c2007
_bJohn Wiley
300 _a494
365 _cRs.
_b399.00
700 _aMeriam J.L. & Kraige L.G.
906 _dO:0052809-Feb-2010B:100307-Jan-2010
_cALLEDS
_b498.75
999 _c324031
_d324031